000 00308nam a2200109Ia 4500
008 220204s9999 xx 000 0 und d
082 _a301(035)
_bBEC
100 _aBecker, Esther R
245 0 _aDictionary of personal and industrial relations
260 _aNew York
_bPhilosophical library
_c1958
942 _cBK
999 _c22983
_d22983